| 000 | 00693nam a2200217Ii 4500 | ||
|---|---|---|---|
| 003 | JO-AjNU | ||
| 008 | 230606s9999||||xx |||||||||||||| ||und|| | ||
| 020 | _a978-0-19-47-1577-5 | ||
| 040 |
_aJO-AjNU _beng _erda _cJO-AjNU |
||
| 041 | _aeng | ||
| 050 | 1 | 4 | _aPE1128.S5935 2006 |
| 100 | 3 |
_aLiz,Soars تأليف;john م.مشارك, _eauthor _93476 |
|
| 245 | 0 | 0 | _aNew Headway Plus :Intermediate WorkBook Without Key |
| 250 | _a1 ed | ||
| 264 | 3 | 1 | _aNew York:Oxford University Press,2006 |
| 300 | _a88p | ||
| 336 |
_atext _btxt _2rdacontent |
||
| 337 |
_aunmediated _bn _2rdamedia |
||
| 338 |
_avolume _bnc _2rdacarrier |
||
| 650 | 4 |
_aNew Headway Plus -Intermediate WorkBook Without Key _93477 |
|
| 999 |
_aE1814 _c1814 _d1814 |
||